Introducción a la sociología
| Main Author: | |
|---|---|
| Format: | Section = Libro |
| Language: | Undetermined Spanish |
| Published: |
México
Lexus Editores
2007
|
| Subjects: |
| LEADER | 00512nam a2200193Ia 4500 | ||
|---|---|---|---|
| 008 | 240830s9999 xx 000 0 und d | ||
| 020 | |a 978-968-18-0929-7 | ||
| 040 | |a B-ESTELÍ- RUACS / 301 B496 | ||
| 041 | |a spa | ||
| 082 | |a 301 B496 | ||
| 100 | 1 | |a Berger L. Peter | |
| 245 | 1 | 0 | |a Introducción a la sociología |
| 260 | |a México |b Lexus Editores |c 2007 | ||
| 300 | |a 269 p. | ||
| 650 | 7 | |a SOCIOLOGIA-FUNDAMENTOS | |
| 650 | 7 | |b PERSPECTIVA SOCIOLOGICA-SOCIEDAD | |
| 942 | |c BK |2 ddc | ||
| 991 | |a TEXTO | ||
| 999 | |c 10649 | ||